00793nam a2200181Ia 4500001000700000008004100007082002200048111009200070245007700162260007600239300001100315503002400326504003800350650003100388650003100419710006500450711009600515Z_1644220601s9999 xx 000 0 und d a636.5063 C64 1987 aConferencias Internacionales sobre Avicultura. Ciclo (8 : julio 1987 : México, D. F.) aPonencias / Asociación Mexicana de Especialistas en Nutrición Animal aMéxico : Asociación Mexicana de Especialista en Nutrición Animal a330 p. aej. 1: ?; ej.2: C/E aIncluye bibliografía e índice a1. Avicultura - Congresos  aAves de corral - Congresos aAsociación Mexicana de Especialistas en Nutrición Animal aConferencias Internacionales sobre Avicultura. Ciclo (8 : julio 1987 : México, D. F.) Ì